Satisfaction of women beneficiaries on micro-credit program of shakti foundation / (Record no. 9406)

MARC details
000 -LEADER
fixed length control field 01164nam a22002657a 4500
001 - CONTROL NUMBER
control field BD-DhSAU 9406
003 - CONTROL NUMBER IDENTIFIER
control field BD-DhSAU
005 - DATE AND TIME OF LATEST TRANSACTION
control field 20181210115615.0
008 - FIXED-LENGTH DATA ELEMENTS--GENERAL INFORMATION
fixed length control field 150613b2009 bg a|||| m||| 00| 0 eng d
040 ## - CATALOGING SOURCE
Original cataloging agency BD-DhSAU
082 ## - DEWEY DECIMAL CLASSIFICATION NUMBER
Edition number 22
Classification number 630.715
Item number H7949
100 ## - MAIN ENTRY--PERSONAL NAME
Personal name Hossain, Md. Masud
Relator term Registration # 01049
245 ## - TITLE STATEMENT
Title Satisfaction of women beneficiaries on micro-credit program of shakti foundation /
Remainder of title MS thesis
Statement of responsibility, etc. , Md. Masud Hossain
260 ## - PUBLICATION, DISTRIBUTION, ETC. (IMPRINT)
Place of publication, distribution, etc. Sher-e-Bangla Agricultural University :
Name of publisher, distributor, etc. Department of Agricultural Extension & Information System,
Date of publication, distribution, etc. 2009.
300 ## - PHYSICAL DESCRIPTION
Extent xiii, 68 p. :
Other physical details ill. ;
Dimensions 30 cm.
500 ## - GENERAL NOTE
General note MS thesis of Department of Agricultural Extension & Information System, Faculty of Agriculture, Sher-e-Bangla Agricultural University, Dhaka, Bangladesh
504 ## - BIBLIOGRAPHY, ETC. NOTE
Bibliography, etc Includes bibliographical reference.
590 ## - Name of Cataloguer
Name of Cataloger Jerin
650 ## - SUBJECT ADDED ENTRY--TOPICAL TERM
Topical term or geographic name as entry element Agricultural Extension & Information System
650 ## - SUBJECT ADDED ENTRY--TOPICAL TERM
Topical term or geographic name as entry element women beneficiaries
700 ## - ADDED ENTRY--PERSONAL NAME
Personal name Islam, Md. Rafiquel
Relator term Superviser
700 ## - ADDED ENTRY--PERSONAL NAME
Personal name Ulla, Md. Shadat
Relator term Co-superviser
856 ## - ELECTRONIC LOCATION AND ACCESS
Uniform Resource Identifier <a href="http://archive.saulibrary.edu.bd:8080/xmlui/handle/123456789/1629">http://archive.saulibrary.edu.bd:8080/xmlui/handle/123456789/1629</a>
942 ## - ADDED ENTRY ELEMENTS (KOHA)
Source of classification or shelving scheme Dewey Decimal Classification
Koha item type MS Level Thesis
Holdings
Withdrawn status Lost status Source of classification or shelving scheme Damaged status Not for loan Collection code Home library Branch Name Shelving location Date acquired Total Checkouts Full call number Barcode Date last seen Price effective from Koha item type
    Dewey Decimal Classification   Not For Loan Reference SAU Library SAU Library Reference 26/01/2014   630.715 H7949 37554 19/06/2015 19/06/2015 MS Level Thesis